[Event "National Congress 29th"]
[Site "Philadelphia"]
[Date "1998.11.29"]
[Round "6"]
[White "Benjamin, Joel"]
[Black "Zamora, Jorge"]
[Result "0-1"]
[WhiteElo "2595"]
[BlackElo "2410"]

1.e4 c5 2.Nf3 e6 3.Nc3 Nc6 4.Bb5 Nge7 5.O-O a6 6.Bxc6 Nxc6 7.d4 cxd4 8.Nxd4 Qc7
9.Nxc6 Qxc6 10.Qg4 h5 11.Qe2 b5 12.Bf4 Bb7 13.a3 Rc8 14.Rfd1 Bc5 15.Kh1 O-O
16.f3 b4 17.axb4 Bxb4 18.Bd2 a5 19.Qf2 Rfd8 20.Rac1 a4 21.Ne2 Bf8 22.Ba5 Re8
23.Bc3 a3 24.bxa3 Bxa3 25.Qg3 Bf8 26.Ba1 d5 27.e5 g6 28.Nf4 Kh7 29.Bd4 Ba3
30.Rb1 Qxc2 31.Nh3 Rc7 32.Bb6 Rc4 33.Be3 Ba8 34.Qg5 Bf8 35.Rdc1 Qd3 36.Rxc4 dxc4
37.Ra1 c3 38.Qf4 Qd7 39.Ng5+ Kg8 40.Ne4 Bxe4 41.Qxe4 Rc8 42.Qc2 Qd5 43.f4 Qc4
44.Rc1 Ba3 45.Rd1 Bc5 46.Bc1 Ra8 47.h4 Be7 48.Rd3 Bb4 49.Kh2 Kg7 50.Rg3 Ra1
51.Qd1 Qd5 52.Qxh5 Rxc1 53.Qg5 Qe4 54.Qf6+ Kg8 55.Qd8+ Bf8 56.h5 Qf5 57.h6 c2
58.h7+ Kxh7 59.Qxf8 Rh1+ 60.Kxh1 c1=Q+  0-1

[Event "Saitek US Masters"]
[Site "Hawaii"]
[Date "1998.??.??"]
[Round "1"]
[White "Garbett, Paul Anthony"]
[Black "Benjamin, Joel"]
[Result "0-1"]
[WhiteElo "2360"]
[BlackElo "2595"]

1.e4 g6 2.d4 Bg7 3.Nf3 d6 4.Be2 Nf6 5.Nc3 O-O 6.O-O e6 7.h3 Nc6 8.Bg5 h6
9.Be3 b6 10.Qd2 Kh7 11.Rad1 Ne7 12.Nh2 Bb7 13.f3 Nh5 14.Qe1 f5 15.g4 Nf6
16.Bd3 a6 17.Qh4 Qd7 18.a4 Rf7 19.Rde1 Raf8 20.gxf5 gxf5 21.e5 Ng6 22.Qf2 dxe5
23.Rd1 exd4 24.Bxd4 Ng4 25.Nxg4 Bxd4 26.Ne3 Qe7 27.Kh2 Qc5 28.Rde1 Rg7 29.Rg1 Rfg8
30.Ncd1 Ne5  0-1

[Event "Saitek US Masters"]
[Site "Hawaii"]
[Date "1998.??.??"]
[Round "2"]
[White "Benjamin, Joel"]
[Black "Gufeld, Eduard"]
[Result "0-1"]
[WhiteElo "2595"]
[BlackElo "2480"]

1.e4 d6 2.d4 Nf6 3.Nc3 g6 4.Nf3 Bg7 5.Be2 O-O 6.O-O Bg4 7.a4 Nc6 8.a5 e5
9.d5 Ne7 10.a6 b6 11.Bg5 h6 12.Bxf6 Bxf6 13.Ne1 Bd7 14.Bg4 Be8 15.Nd3 Bg7
16.Nb4 f5 17.Bh3 Bd7 18.f3 h5 19.Qe2 Qe8 20.Rae1 Bh6 21.Nd1 Kg7 22.Nc3 Rc8
23.exf5 gxf5 24.f4 Ng6 25.fxe5 Nxe5 26.Nd3 Ng4 27.Qf3 Qf7 28.Bxg4 hxg4 29.Qf2 Rce8
30.Nf4 Rxe1 31.Rxe1 Re8 32.g3 Rxe1+ 33.Qxe1 Bxf4 34.gxf4 Bc8 35.Qe2 Kf8 36.Kg2 Qh5
37.Qd3 Qe8 38.Kf2 Qe7 39.Kg2 Qe1 40.Ne2 Qa1 41.Qd4 Bxa6 42.Qh8+ Kf7 43.Qh7+ Ke8
44.Qxc7 Bxe2 45.Qc8+ Ke7 46.Qc7+ Ke8 47.Qc8+ Ke7 48.Qe6+ Kd8 49.Qxd6+ Kc8
50.Qf8+ Kb7 51.Qe7+ Kc8 52.Qe8+ Kb7 53.Qe7+ Kc8 54.Qxe2 Qxb2 55.Qe6+ Kd8
56.Qd6+ Ke8 57.Qe6+ Kd8 58.Qxf5 Qd4 59.Qf8+ Kd7 60.Qf7+ Kd8 61.Qf8+ Kd7 62.Qf5+ Kd8
63.Kg3 a5 64.Qg5+ Kd7 65.Qxg4+ Kc7 66.Qe6 Qc5 67.Qe5+ Kd8 68.h4 a4 69.h5 a3
70.Qe6 Kc7 71.h6 a2 72.d6+ Qxd6 73.Qxa2 Qxh6 74.Qf7+ Kd6 75.Kg4 Qh1 76.Qf6+ Kd7
77.Qd4+ Ke7 78.c3 Qg2+ 79.Kf5 Qh3+ 80.Ke5 Qe6+  0-1

[Event "New York op"]
[Site "New York"]
[Date "1998.??.??"]
[Round "9"]
[White "Campora, Daniel H"]
[Black "Benjamin, Joel"]
[Result "1/2-1/2"]
[WhiteElo "2520"]
[BlackElo "2595"]

1.e4 e5 2.Nf3 Nc6 3.Nc3 Nf6 4.Bb5 Nd4 5.Nxd4 exd4 6.e5 dxc3 7.exf6 Qxf6 8.dxc3 c6
9.Bd3 d5 10.Be3 Bd6 11.Qh5  1/2-1/2

[Event "US-chT Amateur East"]
[Site "Parsippany"]
[Date "1998.??.??"]
[Round "2"]
[White "Benjamin, Joel"]
[Black "Zimmer, Ralph"]
[Result "1-0"]
[WhiteElo "2595"]
[BlackElo "2225"]

1.e4 c5 2.Nf3 e6 3.c3 d5 4.exd5 Qxd5 5.d4 Nf6 6.Be3 cxd4 7.cxd4 Nc6 8.Nc3 Qd6
9.a3 Be7 10.Bd3 O-O 11.Qc2 h6 12.O-O b6 13.Rad1 Bb7 14.Rfe1 Rac8 15.Qc1 Nd5
16.Bxh6 Na5 17.Bb1 Nxc3 18.bxc3 Bxf3 19.gxf3 Rfd8 20.Bf4 Qxa3 21.Qc2 g6 22.Rxe6 Rc6
23.Bc1 Qxc1 24.Qxc1 Rxe6 25.f4 Rc6 26.f5 gxf5 27.Kh1 Rg6 28.Bxf5 Rg5 29.Qf4 Rd6
30.Re1 Rd5 31.Be4 Bd6 32.Qf6  1-0

[Event "US-chT Amateur East"]
[Site "Parsippany"]
[Date "1998.??.??"]
[Round "3"]
[White "Shahade, Gregory"]
[Black "Benjamin, Joel"]
[Result "1/2-1/2"]
[WhiteElo "2320"]
[BlackElo "2595"]

1.c4 e5 2.Nc3 Nc6 3.Nf3 Nf6 4.g3 d5 5.cxd5 Nxd5 6.Bg2 Nb6 7.O-O Be7 8.d3 O-O
9.a3 Be6 10.b4 Nd4 11.Bb2 Bb3 12.Qc1 Nxf3+ 13.Bxf3 c6 14.Ne4 f6 15.Qc3 Bd5
16.a4 Rf7 17.a5 Nd7 18.b5 Rc8 19.Rfc1 Nf8 20.Nd2 c5 21.Bxd5 Qxd5 22.Qc4 Qd7
23.Qb3 Ne6 24.Nc4 Bf8 25.Ne3 Rd8 26.Qc4 Kh8 27.Qa4 Nd4 28.Bxd4 exd4 29.Nc4 Qh3
30.Nd2 Re7 31.Rxc5 Rxe2 32.Rc2 Re5 33.b6 Rh5 34.Nf1 axb6 35.axb6 Qe6 36.Qa7 Rb5
37.Qxb7 Rxb6 38.Qf3 Rbb8 39.Re2 Qd7 40.Re4 Bb4 41.Rb1 Bc3 42.Rxb8 Rxb8 43.Qh5 Kg8
44.Qc5 Rc8 45.Qa3 Qb5 46.Qa2+ Kh8 47.Qe6 Rf8 48.Qd6 Rg8 49.Rf4 h6 50.Rf3 Re8
51.Kg2 Kh7 52.g4 Qe5  1/2-1/2

[Event "Saintly Cup"]
[Site "Sydney"]
[Date "1999.01.22"]
[Round "1"]
[White "Benjamin, Joel"]
[Black "West, Guy"]
[Result "1-0"]
[WhiteElo "2593"]
[BlackElo "2414"]

1.e4 c5 2.Nf3 d6 3.c3 Nf6 4.h3 g6 5.Bd3 Bg7 6.Bc2 e5 7.d4 cxd4 8.cxd4 exd4
9.Nxd4 O-O 10.O-O Re8 11.Re1 a6 12.a4 b6 13.Nc3 Bb7 14.Bf4 Nh5 15.Bh2 Be5
16.Nf3 Bxh2+ 17.Nxh2 Nc6 18.Qd2 Ne5 19.Rad1 Rc8 20.Bb3 Qh4 21.Bd5 Bxd5 22.Nxd5 b5
23.axb5 axb5 24.b3 Re6 25.f4 Nc6 26.Ng4 Qd8 27.Qb2 Qf8 28.f5 gxf5 29.exf5 Rxe1+
30.Rxe1 Qg7 31.Qd2 Kh8 32.Rc1 Na7 33.f6 Qg6 34.Rxc8+ Nxc8 35.Qc1 Na7 36.Qc7 h6
37.Qxa7 Qe4 38.Nde3 Nf4 39.Qb8+ Kh7 40.Qf8  1-0

[Event "Saintly Cup"]
[Site "Sydney"]
[Date "1999.01.24"]
[Round "3"]
[White "Mas, Hafizulhelmi"]
[Black "Benjamin, Joel"]
[Result "1/2-1/2"]
[WhiteElo "2401"]
[BlackElo "2593"]

1.e4 g6 2.d4 Bg7 3.Nc3 d6 4.Be3 a6 5.Qd2 Nd7 6.f3 b5 7.Nh3 Bb7 8.Nf2 c5 9.Ncd1 cxd4
10.Bxd4 Ngf6 11.a4 bxa4 12.Nc3 O-O 13.Rxa4 Nc5 14.Bxc5 dxc5 15.Qxd8 Rfxd8
16.Ra5 Nd7 17.Be2 Rac8 18.O-O Nb8 19.Rd1 Bd4 20.Ra3 Nc6 21.Na4 c4 22.Kf1 Ba7
23.Rc3 Na5 24.Ra1 Bc6 25.Rca3 Nb7 26.Nc3 a5 27.Rd1 Rxd1+ 28.Nfxd1 Bd7 29.Nd5 Kf8
30.Ke1 h5 31.Kd2 e6 32.N5c3  1/2-1/2

[Event "Saintly Cup"]
[Site "Sydney"]
[Date "1999.01.26"]
[Round "5"]
[White "Roeder, Mathias"]
[Black "Benjamin, Joel"]
[Result "1/2-1/2"]
[WhiteElo "2447"]
[BlackElo "2593"]

1.d4 Nf6 2.c4 d6 3.Nf3 Bf5 4.Nc3 g6 5.g3 Bg7 6.Bg2 c6 7.O-O O-O 8.b3 Ne4
9.Bb2 Nxc3 10.Bxc3 Be4 11.Qd2 Nd7 12.Rfd1 d5 13.cxd5 Bxd5 14.Qd3 Nf6 15.Ne1 Bxg2
16.Nxg2 Qb6 17.e4 Rfd8 18.Ne3 Ne8 19.Nc4 Qb5 20.Qf3 Nd6 21.Nd2 f5 22.a4 fxe4
23.axb5 exf3 24.bxc6 Rac8 25.Nxf3 Rxc6 26.Bb4 a6 27.d5 Rcc8 28.Ra2 Bc3 29.Bxc3 Rxc3
30.Nd4 Nc8 31.Ne6 Rd6 32.b4 Nb6 33.Nc5 Nxd5 34.Nxb7 Nxb4 35.Rxd6 exd6 36.Ra4 Nd3
37.Nxd6 Rc6 38.Ne4 Kg7 39.h4 Ne5 40.Rb4 h6 41.Rb7+ Kf8  1/2-1/2

[Event "Saintly Cup"]
[Site "Sydney"]
[Date "1999.01.28"]
[Round "6"]
[White "Benjamin, Joel"]
[Black "Wohl, Aleksandar H"]
[Result "1-0"]
[WhiteElo "2593"]
[BlackElo "2440"]

1.e4 Nf6 2.e5 Nd5 3.d4 d6 4.c4 Nb6 5.exd6 exd6 6.Nc3 Nc6 7.Be2 Be7 8.h3 O-O
9.Nf3 Bf5 10.O-O Re8 11.a3 Bf6 12.Re1 Na5 13.b3 c5 14.Be3 d5 15.cxd5 Nxd5
16.Nxd5 Qxd5 17.dxc5 Qxd1 18.Raxd1 Nxb3 19.Bd3 Be6 20.Be4 Na5 21.Bd2 Nc6
22.Rb1 Re7 23.Rxb7 Rxb7 24.Bxc6 Rab8 25.Bxb7 Rxb7 26.Bg5 Bc3 27.Re3 Bb2 28.Bf4 h6
29.c6 Rb6 30.c7 Rc6 31.Rd3 g5 32.Bg3 f5 33.Rd8+ Kg7 34.Bd6 Bf6 35.Ne5 Rc1+
36.Kh2 f4 37.Nd3 Rc6 38.Nc5 Bf5 39.Nd7 Rxd6 40.Rg8+ Kxg8 41.c8=Q+ Kf7 42.Qf8+  1-0

[Event "US Amateur Team East"]
[Site "Parsippany"]
[Date "1999.02.13"]
[Round "1"]
[White "Benjamin, Joel"]
[Black "Fairgrieve, R."]
[Result "1-0"]
[WhiteElo "2593"]
[BlackElo "2110"]

1.e4 e6 2.d4 d5 3.Nd2 Nf6 4.Bd3 c5 5.e5 Nfd7 6.c3 Nc6 7.Ngf3 cxd4 8.cxd4 f6
9.Ng5 fxg5 10.Qh5+ Ke7 11.Nf3 Qb6 12.Bxg5+ Nf6 13.O-O Bd7 14.Qh4 Kf7 15.exf6 g6
16.Rac1 Bd6 17.Bh6 Rhg8 18.Ng5+  1-0

[Event "US Amateur Team East"]
[Site "Parsippany"]
[Date "1999.02.13"]
[Round "2"]
[White "Walker, Leigh"]
[Black "Benjamin, Joel"]
[Result "0-1"]
[WhiteElo "2125"]
[BlackElo "2593"]

1.Nf3 Nf6 2.g3 d5 3.Bg2 c6 4.O-O Bg4 5.d3 Nbd7 6.Nbd2 e5 7.e4 Bd6 8.h3 Bh5
9.Qe1 O-O 10.Nh4 Re8 11.f4 exf4 12.gxf4 dxe4 13.dxe4 Nd5 14.Nf5 Bxf4 15.Qf2 Bc7
16.Nc4 N5f6 17.Bg5 b5 18.Nce3 Bb6 19.Qg3 Bg6 20.Kh1 Nh5 21.Qg4 Qc7 22.Rac1 Ndf6
23.Qh4 Bxe3 24.Bxf6 Bxf5 25.Qxh5 Bg6 26.Qf3 Rxe4 27.Bc3 Rae8 28.Qe2 Bg1 29.Bxe4 Bxe4+
30.Rf3 Bxf3+  0-1

[Event "US Amateur Team East"]
[Site "Parsippany"]
[Date "1999.02.14"]
[Round "3"]
[White "Benjamin, Joel"]
[Black "Eade, Jim"]
[Result "1/2-1/2"]
[WhiteElo "2593"]
[BlackElo "2320"]

1.e4 e6 2.d4 d5 3.e5 c5 4.c3 Nc6 5.Nf3 Bd7 6.Be2 f6 7.O-O fxe5 8.Nxe5 Nxe5
9.dxe5 Qc7 10.c4 Ne7 11.Nc3 d4 12.Ne4 Qxe5 13.Re1 Nc6 14.f4 Qc7 15.Bh5+ g6
16.Ng5 Be7 17.Nxe6 Bxe6 18.Rxe6 gxh5 19.Qxh5+ Kd7 20.f5  1/2-1/2

[Event "Neckar op 3rd"]
[Site "Deizisau"]
[Date "1999.04.01"]
[Round "1"]
[White "Benjamin, Joel"]
[Black "Jerosch, Gunnar"]
[Result "1-0"]
[WhiteElo "2593"]
[BlackElo "2125"]

1.e4 c5 2.Nf3 Nc6 3.Bb5 e6 4.O-O Nge7 5.c3 a6 6.Ba4 b5 7.Bc2 Ng6 8.d4 d6
9.a4 b4 10.dxc5 dxc5 11.Qxd8+ Nxd8 12.a5 Bd6 13.Be3 O-O 14.Nbd2 Bb7 15.Nc4 Be7
16.Nb6 bxc3 17.bxc3 Ra7 18.Rfd1 Ba8 19.Rd7 Nc6 20.h3 Rd8 21.Rxd8+ Nxd8 22.Bd3 Bf6
23.Bxc5 Bxc3 24.Rc1 Bf6 25.Nxa8 Rxa8 26.Bb6 Kf8 27.g3 Ke8 28.Kg2 h6 29.Rc7 Ne5
30.Bc2 Nxf3 31.Kxf3 Be5 32.Ba4+ Kf8 33.Rd7 Bf6 34.e5 Be7 35.Rxe7  1-0

[Event "Neckar op 3rd"]
[Site "Deizisau"]
[Date "1999.04.02"]
[Round "2"]
[White "Huettig, Michael"]
[Black "Benjamin, Joel"]
[Result "0-1"]
[WhiteElo "2240"]
[BlackElo "2593"]

1.a3 g6 2.Nf3 Bg7 3.g3 Nf6 4.Bg2 O-O 5.O-O Nc6 6.c4 e5 7.d3 d6 8.Nc3 h6 9.Rb1 Be6
10.b4 Qd7 11.b5 Ne7 12.Re1 Bh3 13.Bh1 Ng4 14.Nd2 Rab8 15.Qa4 e4 16.Ncxe4 f5
17.Nxd6 Qxd6 18.Nf3 g5 19.Bd2 c5 20.bxc6 Nxc6 21.Rb5 f4 22.gxf4 Rxf4 23.Bxf4 Qxf4
24.e3 Qf6 25.Re2 Nxf2 26.Qb3 Nxh1  0-1

[Event "Neckar op 3rd"]
[Site "Deizisau"]
[Date "1999.04.02"]
[Round "3"]
[White "Benjamin, Joel"]
[Black "Gustafsson, Jan"]
[Result "1-0"]
[WhiteElo "2593"]
[BlackElo "2416"]

1.e4 c5 2.Nf3 Nc6 3.Bb5 g6 4.Bxc6 dxc6 5.h3 e5 6.d3 f6 7.Be3 Nh6 8.O-O Nf7
9.c3 Qe7 10.d4 cxd4 11.cxd4 Bg7 12.d5 cxd5 13.Qxd5 Be6 14.Qb5+ Qd7 15.Nc3 Nd6
16.Qxd7+ Bxd7 17.Bc5 Nb5 18.Nd5 Bc6 19.Rfd1 Bxd5 20.Rxd5 Nc7 21.Rd3 Ne6 22.Be3 Ke7
23.Ra3 b6 24.Rc1 Rhd8 25.Rc4 b5 26.Rc6 a5 27.Rb6 b4 28.Ra4 Bh6 29.Bxh6 Nc5
30.b3 Nxa4 31.bxa4 Rd6 32.Be3 Rd1+ 33.Kh2 Ra1 34.Rb7+ Kd6 35.Nd2 Rxa2 36.Nc4+ Ke6
37.Bc5 Re8 38.Rb6+ Kd7 39.Rxf6 Rc2 40.Nb6+ Kc7 41.Nd5+ Kd7 42.Rd6+ Kc8 43.Rc6+ Kd7
44.Rc7+ Ke6 45.Bxb4  1-0

[Event "Neckar op 3rd"]
[Site "Deizisau"]
[Date "1999.04.03"]
[Round "5"]
[White "Benjamin, Joel"]
[Black "Gerstner, Wolfgang"]
[Result "1-0"]
[WhiteElo "2593"]
[BlackElo "2365"]

1.e4 c5 2.Nf3 e6 3.Nc3 a6 4.g3 b5 5.d4 cxd4 6.Nxd4 Bb7 7.Bg2 Nf6 8.Bg5 Be7
9.O-O d6 10.Re1 Qd7 11.a4 b4 12.Na2 a5 13.Nb5 Nc6 14.Bxf6 gxf6 15.Qh5 h6
16.c3 Kf8 17.Rad1 Kg7 18.b3 bxc3 19.Naxc3 Na7 20.Nd4 Rac8 21.Qxa5 Nc6 22.Nxc6 Rxc6
23.Nb5 Rhc8 24.Qb4 Rc5 25.Na7 R8c7 26.Nb5 Rc8 27.Qd4 e5 28.Qe3 Qe6 29.Qf3 Ba6
30.Qh5 Bxb5 31.Bh3 Qxb3 32.Bxc8 Bxa4 33.Bf5 Qb6 34.Rb1 Bb5 35.Qg4+ Kf8 36.Qh5 Kg7
37.Rec1 d5 38.Qg4+ Kf8 39.Qh5 Kg7 40.exd5 Rxc1+ 41.Rxc1  1-0

[Event "Neckar op 3rd"]
[Site "Deizisau"]
[Date "1999.04.04"]
[Round "7"]
[White "Benjamin, Joel"]
[Black "Kekelidze, Mikheil"]
[Result "1-0"]
[WhiteElo "2593"]
[BlackElo "2439"]

1.e4 c5 2.Nf3 e6 3.Nc3 a6 4.g3 b5 5.d4 Nf6 6.Bg5 cxd4 7.Nxd4 Bb7 8.Bg2 h6
9.Bxf6 Qxf6 10.O-O Nc6 11.Nxc6 Bxc6 12.Qe2 Qe5 13.a3 Bc5 14.Kh1 O-O 15.f4 Qc7
16.Rad1 f6 17.Na2 a5 18.Nc1 Rac8 19.Nb3 Qb6 20.c3 b4 21.axb4 axb4 22.c4 Ba4
23.Rd3 Bxb3 24.Rxb3 Rc7 25.e5 Bd4 26.exf6 Bxf6 27.Rd3 Rxc4 28.Rxd7 Rd4 29.Rxd4 Bxd4
30.Rc1 Bf6 31.Bf3 Kh8 32.Rc6 Qd4 33.Rxe6 Qxb2 34.Re8 Qc1+ 35.Kg2 Qc5 36.Qe6 b3
37.Be4 Bb2 38.Qg6 Kg8 39.Qe6+ Kh8 40.Qg6 Kg8 41.h4 Ba3 42.Qh7+ Kf7 43.Re5  1-0

[Event "World op"]
[Site "Philadelphia"]
[Date "1999.06.29"]
[Round "3"]
[White "Benjamin, Joel"]
[Black "Zamora, Jorge"]
[Result "1-0"]
[WhiteElo "2593"]
[BlackElo "2410"]

1.e4 e5 2.Nf3 Nf6 3.Nxe5 d6 4.Nf3 Nxe4 5.d4 d5 6.Bd3 Bd6 7.O-O O-O 8.c4 c6
9.cxd5 cxd5 10.Nc3 Nxc3 11.bxc3 Bg4 12.Rb1 b6 13.Rb5 Bc7 14.h3 a6 15.Rxd5 Qxd5
16.hxg4 Nc6 17.Ng5 h6 18.Bh7+ Kh8 19.Be4 Qd6 20.Nf3 Rfe8 21.Bc2 Qd7 22.g5 Qg4
23.gxh6 gxh6 24.Qd3 Qg7 25.Nh4 Rg8 26.Qf3 Ne7 27.Qh5 Ng6 28.Bxh6 Qh7 29.Nf3 Nf4
30.Bxh7 Rxg2+ 31.Kh1 Nxh5 32.Kxg2 Kxh7 33.Be3 Nf4+ 34.Bxf4 Bxf4 35.a4 Rg8+
36.Kh3 Rc8 37.Kg4 Bd6 38.Rb1 b5 39.axb5 axb5 40.Rxb5 Rxc3 41.Ng5+ Kg7 42.Rb7 Rc4
43.Kf5 Bc7 44.Ke4 Kf6 45.Kd5 Rc2 46.Ne4+ Kg6 47.Rb5 Bh2 48.Rb6+ Kg7 49.f3 Rc8
50.Nd6 Bxd6 51.Rxd6 Rc1 52.Ke5 Re1+ 53.Kf5 Re8 54.f4 Re1 55.d5 Re2 56.Rb6 Re1
57.d6 Re2 58.Rb8 Rd2 59.Ke5 Rd1 60.Rb5 Kf8 61.Rd5 Re1+ 62.Kf5  1-0

[Event "World op"]
[Site "Philadelphia"]
[Date "1999.06.30"]
[Round "4"]
[White "Sherzer, Alex"]
[Black "Benjamin, Joel"]
[Result "1/2-1/2"]
[WhiteElo "2481"]
[BlackElo "2593"]

1.e4 e5 2.Nf3 Nc6 3.Bb5 a6 4.Ba4 Nf6 5.O-O Bc5 6.Bxc6 dxc6 7.Nxe5 Nxe4 8.Qe2 Qd5
9.d4 Bxd4 10.Nf3 Be6 11.Nxd4 Qxd4 12.Rd1 Qc4 13.Qxc4 Bxc4 14.Bf4 Nd6 15.b3 Be6
16.Bxd6 O-O-O 17.Nc3 cxd6 18.Ne4 Kc7 19.Ng5 Rhe8 20.Re1 Kd7 21.f3 Bf5 22.Nxf7 Rxe1+
23.Rxe1 Rf8 24.Ng5 Bxc2 25.Re2 Bf5 26.g4 h6 27.Nh3 Bd3 28.Rf2 d5 29.Kg2 Kd6
30.Rd2 Bb1 31.Kg3 Re8 32.Nf4 Re1 33.h4 Rg1+ 34.Ng2 a5 35.Kf2 Rc1 36.Ne3 Ke6
37.Re2 Bd3 38.Rd2 Bh7 39.Re2 Kf7  1/2-1/2

[Event "World op"]
[Site "Philadelphia"]
[Date "1999.07.04"]
[Round "6"]
[White "Ziatdinov, Raset"]
[Black "Benjamin, Joel"]
[Result "0-1"]
[WhiteElo "2520"]
[BlackElo "2658"]

1.e4 g6 2.d4 Bg7 3.Nf3 d6 4.Be2 Nf6 5.Nc3 O-O 6.O-O e6 7.Bg5 h6 8.Bh4 g5
9.Bg3 Nh5 10.Bc4 Nc6 11.d5 Nxg3 12.hxg3 Ne7 13.dxe6 fxe6 14.Qd3 Nc6 15.Rae1 g4
16.Nd2 Qg5 17.Bb3 Bd7 18.Nc4 b5 19.Ne3 Ne5 20.Qd1 Kh8 21.Ne2 Rf6 22.c4 h5
23.Nd4 a6 24.a4 bxa4 25.Bxa4 Bxa4 26.Qxa4 h4 27.Nc6 Rh6 28.Nxe5 Bxe5 29.Qd1 Rg8
30.f4 gxf3 31.g4 Qf4 32.Rxf3 Qh2+ 33.Kf1 Bg3 34.Ke2 Bxe1 35.Qxe1 Qe5 36.Qb1 Rf6
37.Rh3 Rgf8 38.Kd3 Rf4 39.Qh1 Qxe4+ 40.Kd2 Rf2+ 41.Kc1 Kg8  0-1

[Event "World op"]
[Site "Philadelphia"]
[Date "1999.07.04"]
[Round "7"]
[White "Benjamin, Joel"]
[Black "Fishbein, Alexander"]
[Result "1-0"]
[WhiteElo "2593"]
[BlackElo "2501"]

1.e4 c5 2.Nf3 d6 3.c3 Nf6 4.h3 e5 5.Bc4 Be7 6.d3 O-O 7.O-O Nc6 8.Re1 Na5
9.Bb5 a6 10.Ba4 b5 11.Bc2 Qc7 12.Nbd2 Nc6 13.Nf1 d5 14.exd5 Nxd5 15.Qe2 b4
16.d4 bxc3 17.dxe5 cxb2 18.Bxb2 Be6 19.Rad1 g6 20.Bb3 Rfd8 21.Ng3 Rab8 22.Ne4 c4
23.Qxc4 Na5 24.Qxc7 Nxc7 25.Bxe6 Rxb2 26.Rxd8+ Bxd8 27.Bc8 Nc6 28.Rd1 Be7
29.Rc1  1-0

[Event "USA-ch G2"]
[Site "Salt Lake City"]
[Date "1999.08.23"]
[Round "1"]
[White "Benjamin, Joel"]
[Black "Serper, Grigory"]
[Result "0-1"]
[WhiteElo "2579"]
[BlackElo "2540"]

1.e4 c5 2.Nf3 e6 3.Nc3 a6 4.g3 b5 5.d4 cxd4 6.Nxd4 b4 7.Na4 Bb7 8.Bg2 Nf6
9.Bg5 Be7 10.O-O Qa5 11.Bxf6 Bxf6 12.Nb3 Qxa4 13.Nc5 Qc6 14.Nxb7 Be5 15.Nd6+ Qxd6
16.Qxd6 Bxd6 17.e5 Bxe5 18.Bxa8 Bxb2 19.Rab1 Bc3 20.a3 a5 21.axb4 axb4 22.Be4 Ke7
23.Rfd1 d5 24.Bd3 Nc6 25.Bb5 Ne5 26.Ba4 Nf3+ 27.Kg2 Nd2 28.Rxd2 Bxd2 29.Rd1 Bc3
30.Bb3 Kd6 31.f3 Kc5 32.Kf2 Bd4+ 33.Ke2 e5 34.Rf1 f5 35.g4 f4 36.h4 Re8 37.Rh1 e4
38.Rd1 Ra8 39.Rf1 Rf8 40.Rd1 h6 41.h5 Rf6 42.Rf1 Kd6 43.Rb1 Ke5 44.Ba4 Bc3
45.Rd1 Ra6 46.Be8 b3  0-1

[Event "USA-ch G2"]
[Site "Salt Lake City"]
[Date "1999.08.28"]
[Round "5"]
[White "De Firmian, Nick E"]
[Black "Benjamin, Joel"]
[Result "1/2-1/2"]
[WhiteElo "2598"]
[BlackElo "2579"]

1.e4 e5 2.Nf3 Nc6 3.Bb5 a6 4.Ba4 Nf6 5.O-O Bc5 6.c3 b5 7.Bc2 d5 8.d4 dxe4
9.dxc5 Qxd1 10.Bxd1 exf3 11.Bxf3 Bb7 12.a4 b4 13.Re1 O-O-O 14.Bxc6 Bxc6 15.cxb4 Nd5
16.Bd2 f6 17.b3 Ne7 18.Ra2 Rd3 19.b5 Bd5 20.bxa6 Rxb3 21.Ra3 Rxa3 22.Nxa3 Kd7
23.Nc2 Nc6 24.f4 Ra8 25.fxe5 fxe5 26.Bc3 Rxa6 27.Bxe5 Nxe5 28.Rxe5 Bc6 29.Nd4 Rxa4  1/2-1/2

[Event "USA-ch G2"]
[Site "Salt Lake City"]
[Date "1999.08.29"]
[Round "6"]
[White "Benjamin, Joel"]
[Black "Ivanov, Alexander"]
[Result "1/2-1/2"]
[WhiteElo "2579"]
[BlackElo "2515"]

1.Nf3 e6 2.e4 d5 3.e5 c5 4.c3 d4 5.Bd3 Bd7 6.O-O Bc6 7.Qe2 Ne7 8.Be4 Bxe4
9.Qxe4 Qd5 10.Qxd5 Nxd5 11.cxd4 Nc6 12.dxc5 Bxc5 13.Nc3 Ndb4 14.Ne4 Be7 15.d4 Nc2
16.Rb1 N2xd4 17.Nxd4 Nxd4 18.Rd1 Nc6 19.f4 Nb4 20.Nc3 Bc5+ 21.Kf1 Rd8 22.Rxd8+ Kxd8
23.Bd2 Nd5 24.Nxd5 exd5 25.Rc1 Bb6 26.Ke2 Kd7 27.Kd3 f6 28.Bc3 fxe5 29.Bxe5 Rf8
30.Rf1 g6 31.Rf3 Ke6 32.g4 Ke7 33.b3 Bc5 34.Rh3 Rf7 35.Rf3 Bd6 36.Re3 Bxe5
37.Rxe5+ Kd6 38.Ke3 a5 39.h4 b5 40.h5 a4 41.hxg6 hxg6 42.bxa4 bxa4 43.Re8 Rc7
44.Rg8 Re7+ 45.Kd3 Re6 46.g5 Ke7 47.Kd4 Re4+ 48.Kxd5 Rxf4 49.Rg7+ Kf8 50.Rxg6 Rf2
51.a3 Rf3 52.Rf6+ Rxf6 53.gxf6 Kf7 54.Ke5 Kf8 55.Ke6 Ke8 56.f7+ Kf8 57.Kf6  1/2-1/2

[Event "USA-ch G2 playoff"]
[Site "Salt Lake City"]
[Date "1999.08.31"]
[Round "2"]
[White "Benjamin, Joel"]
[Black "Ivanov, Alexander"]
[Result "0-1"]
[WhiteElo "2579"]
[BlackElo "2515"]

1.Nf3 e6 2.c4 b6 3.g3 Bb7 4.Bg2 Nf6 5.O-O Be7 6.Nc3 O-O 7.d4 Ne4 8.Bd2 d6
9.d5 Nxc3 10.Bxc3 e5 11.e4 Nd7 12.Ne1 a5 13.b3 g6 14.Nc2 Bf6 15.Qd2 Qe7 16.Rae1 Bg7
17.f4 Rae8 18.f5 Nf6 19.h4 h5 20.Bh3 Kh7 21.Qe2 Bh6 22.Rf2 g5 23.hxg5 Bxg5
24.Rh2 Kg7 25.Kf2 Rh8 26.Reh1 Reg8 27.Ne1 Kf8 28.Nf3 Bh6 29.Be1 Rh7 30.Kf1 Rhg7
31.Rg2 Qd8 32.Qd3 Ke7 33.Ke2 c6 34.Bf2 cxd5 35.cxd5 Qa8 36.Nd2 b5 37.Rgg1 Rc8
38.Bg2 Ba6 39.Bf3 Bxd2 40.Qxd2 b4+ 41.Ke1 Rc3 42.Be3 Rd3 43.Qc1 Rc3 44.Qd2 Rg8
45.Rh4 Rd3 46.Qf2 Qc8 47.Bd2 Qc7 48.Bd1 Rd4 49.Qe3 Bd3 50.Bf3 Qc2 51.Rg2 Qb1+
52.Kf2 Qf1+  0-1

[Event "USA-ch G2 playoff"]
[Site "Salt Lake City"]
[Date "1999.08.31"]
[Round "5"]
[White "Ivanov, Alexander"]
[Black "Benjamin, Joel"]
[Result "0-1"]
[WhiteElo "2515"]
[BlackElo "2579"]

1.e4 d6 2.d4 g6 3.Nc3 Bg7 4.Be3 a6 5.a4 Nf6 6.Nf3 O-O 7.Be2 b6 8.h3 Bb7 9.e5 Nd5
10.Nxd5 Bxd5 11.exd6 cxd6 12.O-O Nd7 13.Qd2 Re8 14.c4 Bb7 15.a5 d5 16.b3 dxc4
17.bxc4 Rc8 18.Rfc1 e5 19.d5 Nc5 20.Rab1 e4 21.Nh2 b5 22.cxb5 Nd3 23.Rxc8 Bxc8
24.b6 Qxd5 25.Rd1 Bb7 26.f3 Qe6 27.fxe4 Nb2 28.Re1 Bxe4 29.Bxa6 Qb3 30.Qf2 Bc3
31.Bd2 Nd1 32.Bc4 Nxf2 33.Bxb3 Bxd2 34.Re2 Bxa5 35.Rxf2 Re7 36.Kh1 Bxb6 37.Rf1 Kg7
38.Nf3 f5 39.Ng5 Bb7 40.Nf3 Re3 41.Rb1 Bc5 42.Bd1 Be4 43.Rc1 Bd6 44.Ra1 Bg3
45.Rc1 Kf6 46.Ra1 g5 47.Ra6+ Ke7 48.Ra7+ Kd6 49.Ra6+ Kc5 50.Bb3 Rxb3  0-1

[Event "Manhattan CC-ch"]
[Site "New York"]
[Date "1999.09.24"]
[Round "1"]
[White "Benjamin, Joel"]
[Black "Feldman, B."]
[Result "1-0"]
[WhiteElo "2579"]
[BlackElo "2213"]

1.e4 c5 2.c3 d5 3.exd5 Qxd5 4.d4 e6 5.Be3 cxd4 6.cxd4 Nf6 7.Nc3 Qd6 8.Nf3 Nc6
9.a3 Be7 10.Bd3 O-O 11.Qc2 a6 12.Rd1 Bd7 13.O-O Rac8 14.Rfe1 Qb8 15.Ne5 Rfd8
16.Nxd7 Rxd7 17.d5 exd5 18.Bf5 Rcd8 19.Bg5 Rd6 20.Bf4 Qa7 21.Bxd6 Rxd6 22.Qb3 g6
23.Bc8 Na5 24.Qb4 b6 25.Bxa6 Re6 26.Qb5 Qc7 27.Nxd5 Rxe1+ 28.Rxe1 Nxd5 29.Qxd5 Bf6
30.b4 Qc3 31.Re8+ Kg7 32.bxa5  1-0

[Event "Manhattan CC-ch"]
[Site "New York"]
[Date "1999.09.25"]
[Round "3"]
[White "Benjamin, Joel"]
[Black "Treger, Effim"]
[Result "1-0"]
[WhiteElo "2579"]
[BlackElo "2253"]

1.e4 c5 2.Nf3 Nc6 3.Bb5 Na5 4.c3 a6 5.Ba4 c4 6.O-O g6 7.b4 cxb3 8.axb3 b5
9.b4 bxa4 10.bxa5 Qxa5 11.Na3 Bb7 12.Re1 Bg7 13.Nc4 Qc7 14.Qxa4 Bc6 15.Qa2 Nh6
16.Ba3 Ng4 17.h3 Bb5 18.Nd6+ exd6 19.hxg4 O-O 20.Qd5 Bc6 21.Bxd6 Bxd5 22.Bxc7 Be6
23.g5 f5 24.gxf6 Bxf6 25.Bd6 Rf7 26.d4 Bc4 27.Nd2 Bd3 28.Nb3 Bg5 29.Nc5 Bc4
30.Reb1 Bd2 31.Ra4 Be6 32.Rb2 Bf4 33.Bxf4 Rxf4 34.Rb6 g5 35.Rbxa6 Raf8 36.Rxe6 dxe6
37.Nxe6 Rxe4 38.Nxf8 Re1+ 39.Kh2 Kxf8 40.Ra7 Rc1 41.Rxh7 Rxc3 42.Rh5 Rd3
43.Rxg5 Rxd4 44.Kg3 Kf7 45.f4 Rd2 46.Kf3 Ra2 47.Rb5 Kf6 48.Rb6+ Kf7 49.g3 Ra5
50.Kg4 Ra3 51.f5 Kg7 52.Kf4 Kh7 53.g4 Ra8 54.Rb7+ Kg8 55.Kg5 Kh8 56.f6 Ra4
57.Kf5 Kg8 58.g5 Ra8 59.Kg6 Ra6 60.Rb8+  1-0

[Event "National Chess Congress"]
[Site "Philadelphia USA"]
[Date "1999.11.26"]
[Round "1"]
[White "Benjamin,Joe"]
[Black "Rogers,N"]
[Result "1-0"]
[WhiteElo "2579"]
[BlackElo "2250"]

1.e4 c6 2.d4 g6 3.Nc3 d5 4.Bf4 dxe4 5.Nxe4 Bg7 6.c3 Nd7 7.Qe2 Ngf6 8.Nd6+ Kf8
9.Nc4 Nd5 10.Bd2 b5 11.Ne3 N7f6 12.Nf3 Nf4 13.Qd1 Ne4 14.Bc1 e5 15.Nxe5 Bxe5
16.dxe5 Be6 17.Qd4 f5 18.Qxd8+ Rxd8 19.Nc2 Nd3+ 20.Bxd3 Rxd3 21.Be3 a5 22.f3 f4
23.Bxf4 Nc5 24.O-O Kf7 25.Nd4 Bd5 26.Rfd1 Rd8 27.Bg3 a4 28.Rxd3 Nxd3 29.b4 a3
30.Rd1  1-0

[Event "National Chess Congress"]
[Site "Philadelphia USA"]
[Date "1999.11.27"]
[Round "3"]
[White "Benjamin,Joe"]
[Black "Burnett,R"]
[Result "1-0"]
[WhiteElo "2579"]
[BlackElo "2423"]

1.e4 c5 2.Nf3 d6 3.d4 cxd4 4.Nxd4 Nf6 5.Nc3 Nc6 6.Bc4 Qb6 7.Nb3 e6 8.Bg5 Nd7
9.Qh5 Nde5 10.Be2 a6 11.O-O Be7 12.Rad1 Qd8 13.Bxe7 Qxe7 14.f4 Nd7 15.Qh3 Nf6
16.Qd3 d5 17.exd5 exd5 18.Nxd5 Nxd5 19.Qxd5 O-O 20.Bd3 Nb4 21.Qe4 Qxe4 22.Bxe4 Re8
23.c3 Nxa2 24.Bb1 Bg4 25.Rd2 Nxc3 26.bxc3 Rac8 27.Rc1 g6 28.Kf2 h5 29.h3 Be6
30.Nd4 Bc4 31.Nf3 a5 32.Ne5 Bb3 33.Ba2  1-0